Logistika studijní opora pro kombinované studium : bakalářský studijní program /

Hlavní autor: Jeřábek, Karel, 1935-
Jazyk: Čeština
Vydáno: České Budějovice : Vysoká škola technická a ekonomická v Českých Budějovicích, 2012
Vydání: 1. vyd.
Témata:
Fyzický popis: 1 CD-ROM
Knihy
Uloženo v:
LEADER 01410nam a2200361 a 4500
001 001205592
003 CZ BrMZK
005 20120510135858.0
006 m||||||||d||||||||
007 co^cg
008 120412s2012 xr e 00| 0 cze
015 |a cnb002358885 
020 |a 978-80-7468-016-8  |q (CDR) 
040 |a BOA001  |b cze 
072 7 |a 005  |x Management. Řízení  |2 Konspekt  |9 4 
072 7 |a 37.016  |x Učební osnovy. Vyučovací předměty. Učebnice  |2 Konspekt  |9 22 
080 |a 005.51  |2 MRF 
080 |a (075.8)  |2 MRF 
080 |a (0.034.44)  |2 MRF 
100 1 |a Jeřábek, Karel,  |d 1935-  |7 jk01051537  |4 aut 
245 1 0 |a Logistika  |h [elektronický zdroj] :  |b studijní opora pro kombinované studium : bakalářský studijní program /  |c Karel Jeřábek 
250 |a 1. vyd. 
260 |a České Budějovice :  |b Vysoká škola technická a ekonomická v Českých Budějovicích,  |c 2012 
300 |a 1 CD-ROM 
500 |a Název z titulní obrazovky; označení vyd. z tiráže 
538 |a Požadavky na systém: Adobe Acrobat Reader 
650 0 7 |a logistika (management)  |7 ph122437  |2 czenas 
655 7 |a učebnice vysokých škol  |7 fd133772  |2 czenas 
655 7 |a CD-ROM  |7 fd133955  |2 czenas 
910 2 |a BOA001  |b CDR-1285.020 
990 |a BK 
991 |b 201205  |c NOV  |e n 
996 3 |b 2610508718  |c CDR-1285.020  |l Stud. periodik/2.patro  |r Sklad / do 1 hodiny  |n 1  |p p.v.  |w 001240528  |u 000010  |a 1  |e BOA001  |j MZK50  |s N